000 00755cam a22002411 4500
001 26107
003 BD-RjUL
005 20211209050955.0
008 140320s1859 enkef 000 0 eng
035 _a(BD-RjUL)26177
035 _a(OCoLC)6131841
040 _aDLC
_cOCl
_dDLC
_beng
041 _aeng
082 _a954.082
_bTHS 1859
100 1 _aThomson, Mowbray.
_980238
245 0 4 _aThe story of Cawnpore /
_cBy Capt. Mowbray Thomson ... one of the only two survivors from the Cawnpore garrison.
260 _aLondon :
_bR. Bentley,
_c1859.
300 _axii, [13]-262 p. :
_bfront., plates, fold. plan. ;
_c20 cm.
651 0 _aKānpur (India)
_xHistory
_ySiege, 1857.
_979033
942 _2ddc
_cBK
999 _c26107
_d26107